[Event "Deutsche Ländermeisterschaft 2023"]
[Site "Hannover GER"]
[Date "2023.10.04"]
[Round "6"]
[White "Glowiak, Alexandra"]
[Black "Sickmann, Lisa"]
[Result "1/2-1/2"]
[Termination "normal"]
[Board "1.6"]
[WhiteElo "1683"]
[BlackElo "1864"]
[WhiteClock "00:09:26"]
[BlackClock "00:06:08"]
[WhiteTeam "Sachsen"]
[BlackTeam "Schleswig-Holstein"]
[PlyCount "96"]
[WhiteFideId "16259530"]
[BlackFideId "16267818"]
[EventCountry "GER"]
[EventRounds "7"]
[EventType "team-swiss"]
[EventDate "2023.09.30"]

1. e4 {[%clk 01:30:58]} {[%emt 00:00:02]} e5 {[%clk 01:30:57]} {[%emt
00:00:03]} 2. Nf3 {[%clk 01:31:25]} {[%emt 00:00:03]} Nc6 {[%clk 01:31:24]}
{[%emt 00:00:03]} 3. Bc4 {[%clk 01:31:51]} {[%emt 00:00:04]} Bc5 {[%clk
01:31:51]} {[%emt 00:00:04]} 4. c3 {[%clk 01:32:17]} {[%emt 00:00:04]} Nf6
{[%clk 01:32:15]} {[%emt 00:00:05]} 5. d3 {[%clk 01:32:46]} {[%emt 00:00:02]}
a6 {[%clk 01:32:41]} {[%emt 00:00:04]} 6. Bb3 {[%clk 01:33:10]} {[%emt
00:00:06]} O-O {[%clk 01:32:50]} {[%emt 00:00:21]} 7. Nbd2 {[%clk 01:32:55]}
{[%emt 00:00:45]} Re8 {[%clk 01:30:35]} {[%emt 00:02:44]} 8. h3 {[%clk
01:32:09]} {[%emt 00:01:16]} h6 {[%clk 01:30:59]} {[%emt 00:00:06]} 9. O-O
{[%clk 01:27:20]} {[%emt 00:05:19]} d5 {[%clk 01:28:10]} {[%emt 00:03:20]} 10.
Re1 {[%clk 01:20:40]} {[%emt 00:07:09]} Be6 {[%clk 01:10:07]} {[%emt 00:18:33]}
11. exd5 {[%clk 01:03:43]} {[%emt 00:17:28]} Bxd5 {[%clk 01:10:21]} {[%emt
00:00:16]} 12. c4 {[%clk 01:02:54]} {[%emt 00:01:19]} Be6 {[%clk 01:01:58]}
{[%emt 00:08:51]} 13. Nxe5 {[%clk 00:56:32]} {[%emt 00:06:52]} Bxf2+ {[%clk
00:58:28]} {[%emt 00:04:01]} 14. Kxf2 {[%clk 00:54:58]} {[%emt 00:02:04]} Qd4+
{[%clk 00:58:51]} {[%emt 00:00:06]} 15. Kg3 {[%clk 00:48:35]} {[%emt 00:06:53]}
Nxe5 {[%clk 00:53:47]} {[%emt 00:05:35]} 16. Nf3 {[%clk 00:42:44]} {[%emt
00:06:21]} Nxf3 {[%clk 00:46:43]} {[%emt 00:07:33]} 17. Qxf3 {[%clk 00:42:44]}
{[%emt 00:00:31]} g5 {[%clk 00:43:00]} {[%emt 00:04:13]} 18. Kh2 {[%clk
00:34:39]} {[%emt 00:08:36]} Bg4 {[%clk 00:31:16]} {[%emt 00:12:14]} 19. Rxe8+
{[%clk 00:29:37]} {[%emt 00:05:32]} Rxe8 {[%clk 00:31:28]} {[%emt 00:00:18]}
20. Qg3 {[%clk 00:21:32]} {[%emt 00:08:34]} Bf5 {[%clk 00:28:48]} {[%emt
00:03:10]} 21. Bd2 {[%clk 00:17:08]} {[%emt 00:04:55]} Qxd3 {[%clk 00:11:57]}
{[%emt 00:17:21]} 22. Qxd3 {[%clk 00:16:11]} {[%emt 00:01:27]} Bxd3 {[%clk
00:12:09]} {[%emt 00:00:17]} 23. Rd1 {[%clk 00:14:53]} {[%emt 00:01:48]} Be2
{[%clk 00:07:23]} {[%emt 00:05:17]} 24. Re1 {[%clk 00:13:29]} {[%emt 00:01:54]}
Bh5 {[%clk 00:07:08]} {[%emt 00:00:44]} 25. Rf1 {[%clk 00:12:52]} {[%emt
00:01:07]} Ne4 {[%clk 00:06:49]} {[%emt 00:00:49]} 26. Bb4 {[%clk 00:09:59]}
{[%emt 00:03:22]} c5 {[%clk 00:03:30]} {[%emt 00:03:50]} 27. Ba5 {[%clk
00:09:48]} {[%emt 00:00:41]} Re6 {[%clk 00:03:18]} {[%emt 00:00:42]} 28. Bc2
{[%clk 00:07:28]} {[%emt 00:02:50]} Nd6 {[%clk 00:03:01]} {[%emt 00:00:47]} 29.
b3 {[%clk 00:05:29]} {[%emt 00:02:30]} Bg6 {[%clk 00:02:57]} {[%emt 00:00:34]}
30. Bd1 {[%clk 00:04:56]} {[%emt 00:01:02]} Kf8 {[%clk 00:02:02]} {[%emt
00:01:25]} 31. Bf3 {[%clk 00:03:24]} {[%emt 00:02:01]} b5 {[%clk 00:00:36]}
{[%emt 00:01:57]} 32. Bd5 {[%clk 00:02:08]} {[%emt 00:01:45]} Re2 {[%clk
00:00:52]} {[%emt 00:00:14]} 33. Bb6 {[%clk 00:01:03]} {[%emt 00:01:36]} Be4
{[%clk 00:00:55]} {[%emt 00:00:26]} 34. Bxe4 {[%clk 00:00:52]} {[%emt
00:00:41]} Nxe4 {[%clk 00:01:20]} {[%emt 00:00:05]} 35. cxb5 {[%clk 00:00:55]}
{[%emt 00:00:28]} axb5 {[%clk 00:01:41]} {[%emt 00:00:09]} 36. a4 {[%clk
00:01:08]} {[%emt 00:00:16]} bxa4 {[%clk 00:01:25]} {[%emt 00:00:46]} 37. bxa4
{[%clk 00:01:28]} {[%emt 00:00:10]} c4 {[%clk 00:01:30]} {[%emt 00:00:25]} 38.
a5 {[%clk 00:01:48]} {[%emt 00:00:10]} Ra2 {[%clk 00:01:50]} {[%emt 00:00:10]}
39. Rd1 {[%clk 00:01:03]} {[%emt 00:01:14]} c3 {[%clk 00:02:02]} {[%emt
00:00:18]} 40. Rd8+ {[%clk 00:01:09]} {[%emt 00:00:24]} Ke7 {[%clk 00:02:23]}
{[%emt 00:00:09]} 41. Rc8 {[%clk 00:01:01]} {[%emt 00:00:38]} f5 {[%clk
00:00:59]} {[%emt 00:01:55]} 42. Bd4 {[%clk 00:27:04]} {[%emt 00:04:26]} c2
{[%clk 00:27:41]} {[%emt 00:03:48]} 43. Be3 {[%clk 00:23:30]} {[%emt 00:04:03]}
Ra3 {[%clk 00:20:04]} {[%emt 00:08:08]} 44. Bc1 {[%clk 00:16:02]} {[%emt
00:07:58]} Rc3 {[%clk 00:20:14]} {[%emt 00:00:20]} 45. Rxc3 {[%clk 00:11:16]}
{[%emt 00:05:16]} Nxc3 {[%clk 00:20:31]} {[%emt 00:00:13]} 46. a6 {[%clk
00:11:35]} {[%emt 00:00:11]} Nb5 {[%clk 00:20:54]} {[%emt 00:00:06]} 47. Kg3
{[%clk 00:11:48]} {[%emt 00:00:17]} Ke6 {[%clk 00:06:08]} {[%emt 00:15:16]} 48.
h4 {[%clk 00:09:26]} {[%emt 00:02:52]} Ke5 {[%emt 00:03:05]} 1/2-1/2

[Event "Deutsche Ländermeisterschaft 2023"]
[Site "Hannover GER"]
[Date "2023.10.04"]
[Round "6"]
[White "Lanert, Theodor"]
[Black "Nguyen, Jenny Ha-Linh"]
[Result "1/2-1/2"]
[Termination "normal"]
[Board "1.7"]
[WhiteElo "1404"]
[BlackElo "1591"]
[WhiteClock "01:10:53"]
[BlackClock "00:42:08"]
[WhiteTeam "Schleswig-Holstein"]
[BlackTeam "Sachsen"]
[PlyCount "51"]
[WhiteFideId "34605576"]
[BlackFideId "16209729"]
[EventCountry "GER"]
[EventRounds "7"]
[EventType "team-swiss"]
[EventDate "2023.09.30"]

1. e4 {[%clk 01:30:29]} {[%emt 00:00:30]} e6 {[%clk 01:30:54]} {[%emt
00:00:06]} 2. d4 {[%clk 01:30:30]} {[%emt 00:00:29]} d5 {[%clk 01:31:15]}
{[%emt 00:00:08]} 3. Nc3 {[%clk 01:26:30]} {[%emt 00:04:30]} Nf6 {[%clk
01:31:21]} {[%emt 00:00:25]} 4. Bg5 {[%clk 01:25:30]} {[%emt 00:01:29]} Bb4
{[%clk 01:31:04]} {[%emt 00:00:48]} 5. Nge2 {[%clk 01:24:59]} {[%emt 00:01:01]}
dxe4 {[%clk 01:24:07]} {[%emt 00:07:26]} 6. a3 {[%clk 01:25:16]} {[%emt
00:00:14]} Be7 {[%clk 01:24:19]} {[%emt 00:00:17]} 7. Bxf6 {[%clk 01:25:27]}
{[%emt 00:00:19]} Bxf6 {[%clk 01:24:48]} {[%emt 00:00:02]} 8. Nxe4 {[%clk
01:25:48]} {[%emt 00:00:09]} Be7 {[%clk 01:25:03]} {[%emt 00:00:14]} 9. N2c3
{[%clk 01:25:30]} {[%emt 00:00:47]} c6 {[%clk 01:18:50]} {[%emt 00:06:45]} 10.
Be2 {[%clk 01:20:00]} {[%emt 00:06:01]} Nd7 {[%clk 01:17:46]} {[%emt 00:01:32]}
11. O-O {[%clk 01:20:09]} {[%emt 00:00:22]} O-O {[%clk 01:18:05]} {[%emt
00:00:11]} 12. Re1 {[%clk 01:20:00]} {[%emt 00:00:40]} Nf6 {[%clk 01:16:08]}
{[%emt 00:02:27]} 13. Bf3 {[%clk 01:18:30]} {[%emt 00:01:59]} Qc7 {[%clk
01:08:34]} {[%emt 00:08:04]} 14. Nxf6+ {[%clk 01:17:19]} {[%emt 00:01:41]} Bxf6
{[%clk 01:08:50]} {[%emt 00:00:14]} 15. Ne4 {[%clk 01:17:45]} {[%emt 00:00:05]}
Be7 {[%clk 01:06:52]} {[%emt 00:02:27]} 16. c3 {[%clk 01:18:00]} {[%emt
00:00:13]} b6 {[%clk 01:02:25]} {[%emt 00:04:58]} 17. g3 {[%clk 01:14:20]}
{[%emt 00:04:11]} Bb7 {[%clk 01:00:17]} {[%emt 00:02:38]} 18. Bg2 {[%clk
01:14:28]} {[%emt 00:00:23]} Rad8 {[%clk 00:57:47]} {[%emt 00:02:59]} 19. Qc2
{[%clk 01:13:00]} {[%emt 00:01:57]} e5 {[%clk 00:51:30]} {[%emt 00:06:49]} 20.
dxe5 Qxe5 {[%clk 00:51:52]} 21. Rad1 {[%clk 01:12:00]} {[%emt 00:00:30]} Qc7
{[%clk 00:47:24]} {[%emt 00:04:58]} 22. Rxd8 {[%clk 01:11:11]} {[%emt
00:01:20]} Rxd8 {[%clk 00:47:31]} {[%emt 00:00:22]} 23. Rd1 {[%clk 01:11:11]}
{[%emt 00:00:29]} c5 {[%clk 00:42:03]} {[%emt 00:06:00]} 24. Rxd8+ {[%clk
01:10:47]} {[%emt 00:00:54]} Qxd8 {[%clk 00:41:59]} {[%emt 00:00:34]} 25. Nf6+
{[%clk 01:10:53]} {[%emt 00:00:25]} Bxf6 {[%clk 00:42:08]} {[%emt 00:00:20]}
26. Bxb7 {[%emt 00:04:48]} 1/2-1/2

[Event "Deutsche Ländermeisterschaft 2023"]
[Site "Hannover GER"]
[Date "2023.10.04"]
[Round "6"]
[White "Mehner, Clara"]
[Black "Margaryan, Mane"]
[Result "1-0"]
[Termination "normal"]
[Board "1.8"]
[WhiteElo "1339"]
[BlackElo "1382"]
[WhiteClock "00:36:00"]
[BlackClock "00:34:24"]
[WhiteTeam "Sachsen"]
[BlackTeam "Schleswig-Holstein"]
[PlyCount "57"]
[WhiteFideId "34612165"]
[BlackFideId "16268237"]
[EventCountry "GER"]
[EventRounds "7"]
[EventType "team-swiss"]
[EventDate "2023.09.30"]

1. e4 {[%clk 01:30:59]} {[%emt 12:37:56]} c5 {[%clk 01:30:55]} {[%emt
00:00:06]} 2. Nf3 {[%clk 01:31:22]} {[%emt 00:00:06]} e6 {[%clk 01:31:19]}
{[%emt 00:00:07]} 3. d4 {[%clk 01:31:42]} {[%emt 00:00:09]} cxd4 {[%clk
01:31:41]} {[%emt 00:00:08]} 4. Nxd4 {[%clk 01:32:03]} {[%emt 00:00:10]} a6
{[%clk 01:32:01]} {[%emt 00:00:10]} 5. c4 {[%clk 01:31:46]} {[%emt 00:00:46]}
Qc7 {[%clk 01:31:37]} {[%emt 00:00:54]} 6. Be3 {[%clk 01:24:52]} {[%emt
00:07:23]} Nf6 {[%clk 01:31:44]} {[%emt 00:00:24]} 7. f3 {[%clk 01:23:12]}
{[%emt 00:02:10]} Bc5 {[%clk 01:29:55]} {[%emt 00:02:19]} 8. Be2 {[%clk
01:18:56]} {[%emt 00:04:47]} O-O {[%clk 01:25:46]} {[%emt 00:04:39]} 9. O-O
{[%clk 01:15:02]} {[%emt 00:04:23]} Qb6 {[%clk 01:20:21]} {[%emt 00:05:56]} 10.
Qd2 {[%emt 00:02:30]} e5 {[%clk 01:19:20]} {[%emt 00:01:21]} 11. Nc2 {[%clk
01:12:29]} {[%emt 00:01:12]} Bxe3+ {[%clk 01:18:52]} {[%emt 00:00:58]} 12. Nxe3
{[%clk 01:12:27]} {[%emt 00:00:32]} Nc6 {[%clk 01:15:58]} {[%emt 00:03:24]} 13.
Kh1 {[%clk 01:10:05]} {[%emt 00:02:51]} Re8 {[%clk 01:14:03]} {[%emt 00:02:26]}
14. Nc3 {[%clk 01:08:01]} {[%emt 00:02:34]} Nd4 {[%clk 01:09:51]} {[%emt
00:04:42]} 15. Ncd5 {[%clk 01:04:14]} {[%emt 00:04:17]} Qd8 {[%clk 01:06:51]}
{[%emt 00:03:31]} 16. Rac1 {[%clk 00:57:34]} {[%emt 00:07:09]} Re6 {[%clk
01:04:11]} {[%emt 00:03:08]} 17. c5 {[%emt 00:07:35]} Nh5 {[%clk 01:00:44]}
{[%emt 00:03:51]} 18. Ng4 {[%clk 00:41:59]} {[%emt 00:09:07]} Qh4 {[%clk
00:55:36]} {[%emt 00:05:39]} 19. Kg1 {[%clk 00:40:41]} {[%emt 00:01:48]} Nf4
{[%clk 00:41:41]} {[%emt 00:14:24]} 20. Nxf4 {[%clk 00:38:47]} {[%emt
00:02:25]} exf4 {[%clk 00:36:17]} {[%emt 00:05:54]} 21. Qxd4 {[%clk 00:38:34]}
{[%emt 00:00:44]} f5 {[%clk 00:34:53]} {[%emt 00:01:53]} 22. exf5 {[%clk
00:36:54]} {[%emt 00:02:10]} Rxe2 {[%clk 00:34:36]} {[%emt 00:00:46]} 23. Qc4+
{[%clk 00:37:01]} {[%emt 00:00:23]} Kh8 {[%clk 00:33:41]} {[%emt 00:01:26]} 24.
Qxe2 {[%clk 00:37:14]} {[%emt 00:00:18]} Qd8 {[%clk 00:33:45]} {[%emt
00:00:25]} 25. Rfe1 {[%clk 00:36:07]} {[%emt 00:01:37]} h6 {[%clk 00:33:36]}
{[%emt 00:00:40]} 26. Qe8+ {[%clk 00:35:56]} {[%emt 00:00:40]} Qxe8 {[%clk
00:34:02]} {[%emt 00:00:04]} 27. Rxe8+ {[%clk 00:36:19]} {[%emt 00:00:07]} Kh7
{[%clk 00:34:30]} {[%emt 00:00:03]} 28. Ne5 {[%clk 00:36:00]} {[%emt 00:00:47]}
a5 {[%clk 00:34:24]} {[%emt 00:00:37]} 29. Ng6 {[%emt 00:00:16]} 1-0

[Event "Deutsche Ländermeisterschaft 2023"]
[Site "Hannover GER"]
[Date "2023.10.04"]
[Round "6"]
[White "Avdic, Faris"]
[Black "Gallasch, Jonas"]
[Result "0-1"]
[Termination "normal"]
[Board "2.2"]
[BlackTitle "FM"]
[WhiteElo "2106"]
[BlackElo "2269"]
[WhiteClock "01:08:12"]
[BlackClock "00:45:18"]
[WhiteTeam "Hamburg"]
[BlackTeam "Nordrhein-Westfalen"]
[PlyCount "42"]
[WhiteFideId "14422328"]
[BlackFideId "16222474"]
[EventCountry "GER"]
[EventRounds "7"]
[EventType "team-swiss"]
[EventDate "2023.09.30"]

1. d4 {[%clk 01:30:54]} {[%emt 00:00:04]} Nf6 {[%clk 01:30:57]} {[%emt
00:00:04]} 2. c4 {[%clk 01:31:15]} {[%emt 00:00:09]} g6 {[%clk 01:31:22]}
{[%emt 00:00:05]} 3. Nc3 {[%clk 01:31:40]} {[%emt 00:00:05]} d5 {[%clk
01:31:49]} {[%emt 00:00:03]} 4. cxd5 {[%clk 01:31:59]} {[%emt 00:00:11]} Nxd5
{[%clk 01:32:15]} {[%emt 00:00:04]} 5. Bd2 {[%clk 01:32:19]} {[%emt 00:00:10]}
Bg7 {[%clk 01:32:41]} {[%emt 00:00:05]} 6. e4 {[%clk 01:32:42]} {[%emt
00:00:06]} Nxc3 {[%clk 01:33:07]} {[%emt 00:00:04]} 7. Bxc3 {[%clk 01:33:03]}
{[%emt 00:00:08]} Nd7 {[%clk 01:33:21]} {[%emt 00:00:17]} 8. Nf3 {[%clk
01:32:08]} {[%emt 00:01:25]} O-O {[%clk 01:33:31]} {[%emt 00:00:20]} 9. Bc4
{[%clk 01:31:08]} {[%emt 00:01:29]} c5 {[%clk 01:28:37]} {[%emt 00:05:25]} 10.
Rc1 {[%clk 01:29:07]} {[%emt 00:02:30]} cxd4 {[%clk 01:25:03]} {[%emt
00:04:05]} 11. Bxd4 {[%clk 01:29:29]} {[%emt 00:00:08]} Nb6 {[%clk 01:16:35]}
{[%emt 00:08:58]} 12. Bxg7 {[%clk 01:27:49]} {[%emt 00:02:10]} Qxd1+ {[%clk
01:16:45]} {[%emt 00:00:21]} 13. Kxd1 {[%clk 01:28:12]} {[%emt 00:00:06]} Kxg7
{[%clk 01:17:11]} {[%emt 00:00:04]} 14. Bb3 {[%clk 01:28:26]} {[%emt 00:00:16]}
Rd8+ {[%clk 01:04:52]} {[%emt 00:12:49]} 15. Ke2 {[%clk 01:28:22]} {[%emt
00:00:33]} Bd7 {[%clk 01:04:03]} {[%emt 00:01:19]} 16. Rc7 {[%clk 01:18:36]}
{[%emt 00:10:16]} Bb5+ {[%clk 00:44:42]} {[%emt 00:19:51]} 17. Ke3 {[%clk
01:18:28]} {[%emt 00:00:38]} Rd3+ {[%clk 00:45:07]} {[%emt 00:00:06]} 18. Kf4
{[%clk 01:18:49]} {[%emt 00:00:08]} Rd7 {[%clk 00:45:33]} {[%emt 00:00:05]} 19.
Rhc1 {[%clk 01:17:36]} {[%emt 00:01:43]} Bc6 {[%clk 00:45:56]} {[%emt
00:00:07]} 20. Rxd7 {[%clk 01:17:39]} {[%emt 00:00:27]} Nxd7 {[%clk 00:46:19]}
{[%emt 00:00:07]} 21. Ne5 {[%clk 01:08:12]} {[%emt 00:09:55]} g5+ {[%clk
00:45:18]} {[%emt 00:01:33]} 0-1

[Event "Deutsche Ländermeisterschaft 2023"]
[Site "Hannover GER"]
[Date "2023.10.04"]
[Round "6"]
[White "Spriestersbach, Kai"]
[Black "Fuhrmann, Bahne"]
[Result "1/2-1/2"]
[Termination "normal"]
[Board "2.3"]
[WhiteElo "2158"]
[BlackElo "2097"]
[WhiteClock "00:08:24"]
[BlackClock "00:35:49"]
[WhiteTeam "Nordrhein-Westfalen"]
[BlackTeam "Hamburg"]
[PlyCount "60"]
[WhiteFideId "16269985"]
[BlackFideId "16244842"]
[EventCountry "GER"]
[EventRounds "7"]
[EventType "team-swiss"]
[EventDate "2023.09.30"]

1. Nf3 {[%clk 01:30:57]} {[%emt 00:00:01]} Nf6 {[%clk 01:30:57]} {[%emt
00:00:05]} 2. c4 {[%clk 01:31:21]} {[%emt 00:00:05]} b6 {[%clk 01:31:08]}
{[%emt 00:00:19]} 3. g3 {[%clk 01:27:28]} {[%emt 00:04:23]} Bb7 {[%clk
01:31:33]} {[%emt 00:00:05]} 4. Bg2 {[%clk 01:27:53]} {[%emt 00:00:06]} e6
{[%clk 01:32:00]} {[%emt 00:00:03]} 5. O-O {[%clk 01:28:12]} {[%emt 00:00:10]}
Be7 {[%clk 01:32:24]} {[%emt 00:00:07]} 6. d4 {[%clk 01:22:45]} {[%emt
00:05:57]} O-O {[%clk 01:32:45]} {[%emt 00:00:09]} 7. Nc3 {[%clk 01:20:52]}
{[%emt 00:02:22]} Ne4 {[%clk 01:33:11]} {[%emt 00:00:04]} 8. Qc2 {[%clk
01:20:42]} {[%emt 00:00:39]} f5 {[%clk 01:33:23]} {[%emt 00:00:18]} 9. Rd1
{[%clk 01:06:24]} {[%emt 00:14:48]} Bf6 {[%clk 01:27:38]} {[%emt 00:06:16]} 10.
b3 {[%clk 00:58:11]} {[%emt 00:08:43]} d6 {[%clk 01:22:58]} {[%emt 00:05:10]}
11. Bb2 {[%clk 00:58:02]} {[%emt 00:00:38]} Nd7 {[%clk 01:23:19]} {[%emt
00:00:10]} 12. Rac1 {[%clk 00:57:32]} {[%emt 00:00:59]} Qe7 {[%clk 01:22:56]}
{[%emt 00:00:54]} 13. Ne1 {[%clk 00:49:35]} {[%emt 00:08:26]} Nxc3 {[%clk
01:22:18]} {[%emt 00:01:09]} 14. Bxc3 {[%clk 00:49:59]} {[%emt 00:00:05]} Bxg2
{[%clk 01:22:34]} {[%emt 00:00:14]} 15. Nxg2 {[%clk 00:50:28]} a5 {[%clk
01:12:47]} {[%emt 00:10:17]} 16. e4 {[%clk 00:48:57]} {[%emt 00:02:01]} fxe4
{[%clk 01:12:33]} {[%emt 00:00:45]} 17. Qxe4 {[%clk 00:49:20]} {[%emt
00:00:06]} Rfe8 {[%clk 00:58:12]} {[%emt 00:14:51]} 18. Re1 {[%clk 00:41:02]}
{[%emt 00:08:48]} Nf8 {[%clk 00:57:00]} {[%emt 00:01:42]} 19. Rc2 {[%clk
00:39:53]} {[%emt 00:01:39]} Qd7 {[%clk 00:55:48]} {[%emt 00:01:42]} 20. Rce2
{[%clk 00:34:00]} {[%emt 00:06:23]} Rac8 {[%clk 00:50:41]} {[%emt 00:05:38]}
21. Bb2 {[%clk 00:28:24]} {[%emt 00:06:06]} Re7 {[%clk 00:50:44]} {[%emt
00:00:27]} 22. Ne3 {[%clk 00:27:47]} {[%emt 00:01:06]} g6 {[%clk 00:50:34]}
{[%emt 00:00:40]} 23. Ng4 {[%clk 00:18:51]} {[%emt 00:09:26]} Bg7 {[%clk
00:50:15]} {[%emt 00:00:49]} 24. d5 {[%clk 00:17:26]} {[%emt 00:01:55]} e5
{[%clk 00:49:58]} {[%emt 00:00:47]} 25. Bc1 {[%clk 00:13:39]} {[%emt 00:04:17]}
Rce8 {[%clk 00:47:51]} {[%emt 00:02:36]} 26. Kg2 {[%clk 00:12:45]} {[%emt
00:01:24]} Qf5 {[%clk 00:46:34]} {[%emt 00:01:48]} 27. f3 {[%clk 00:12:14]}
{[%emt 00:01:01]} Nd7 {[%clk 00:45:58]} {[%emt 00:01:06]} 28. h4 {[%clk
00:10:14]} {[%emt 00:02:29]} Nc5 {[%clk 00:43:28]} {[%emt 00:03:00]} 29. Qxf5
{[%emt 00:03:13]} gxf5 {[%clk 00:39:14]} {[%emt 00:04:13]} 30. Nf2 {[%clk
00:08:24]} {[%emt 00:00:08]} h5 {[%clk 00:35:49]} {[%emt 00:03:56]} 1/2-1/2

[Event "Deutsche Ländermeisterschaft 2023"]
[Site "Hannover GER"]
[Date "2023.10.04"]
[Round "6"]
[White "Hubert, Charlotte"]
[Black "Möller, Maurin"]
[Result "0-1"]
[Termination "normal"]
[Board "2.4"]
[WhiteElo "1850"]
[BlackElo "2132"]
[WhiteClock "00:22:36"]
[BlackClock "00:36:13"]
[WhiteTeam "Hamburg"]
[BlackTeam "Nordrhein-Westfalen"]
[PlyCount "103"]
[WhiteFideId "16265920"]
[BlackFideId "16265696"]
[EventCountry "GER"]
[EventRounds "7"]
[EventType "team-swiss"]
[EventDate "2023.09.30"]

1. e4 {[%clk 01:30:57]} {[%emt 00:00:02]} e5 {[%clk 01:30:50]} {[%emt
00:00:10]} 2. Nf3 {[%clk 01:31:17]} {[%emt 00:00:10]} Nc6 {[%clk 01:31:04]}
{[%emt 00:00:17]} 3. Bb5 {[%clk 01:31:32]} {[%emt 00:00:15]} a6 {[%clk
01:31:20]} {[%emt 00:00:13]} 4. Ba4 {[%clk 01:31:52]} {[%emt 00:00:09]} Nf6
{[%clk 01:31:39]} {[%emt 00:00:11]} 5. O-O {[%clk 01:32:13]} {[%emt 00:00:09]}
Be7 {[%clk 01:31:56]} {[%emt 00:00:13]} 6. Re1 {[%clk 01:30:55]} {[%emt
00:01:47]} b5 {[%clk 01:31:55]} {[%emt 00:00:32]} 7. Bb3 {[%clk 01:31:18]}
{[%emt 00:00:07]} d6 {[%clk 01:31:43]} {[%emt 00:00:42]} 8. a4 {[%clk
01:30:06]} {[%emt 00:01:42]} b4 {[%clk 01:22:31]} {[%emt 00:09:42]} 9. d4
{[%clk 01:27:51]} {[%emt 00:02:45]} exd4 {[%clk 01:14:04]} {[%emt 00:08:58]}
10. Nxd4 {[%clk 01:27:55]} {[%emt 00:00:26]} Nxd4 {[%clk 01:14:07]} {[%emt
00:00:27]} 11. Qxd4 {[%clk 01:28:17]} {[%emt 00:00:07]} c5 {[%clk 01:14:25]}
{[%emt 00:00:12]} 12. Qd3 {[%clk 01:28:12]} {[%emt 00:00:35]} O-O {[%clk
01:14:35]} {[%emt 00:00:20]} 13. Bf4 {[%clk 01:16:42]} {[%emt 00:12:00]} Bb7
{[%clk 01:06:45]} {[%emt 00:08:20]} 14. Nd2 {[%clk 01:10:54]} {[%emt 00:06:17]}
Re8 {[%clk 01:02:56]} {[%emt 00:04:20]} 15. Rad1 {[%clk 01:05:38]} {[%emt
00:05:46]} Bf8 {[%clk 00:43:15]} {[%emt 00:20:12]} 16. f3 {[%clk 00:59:48]}
{[%emt 00:06:20]} Nh5 {[%clk 00:41:17]} {[%emt 00:02:28]} 17. Be3 {[%clk
00:41:31]} {[%emt 00:18:47]} Qf6 {[%clk 00:40:45]} {[%emt 00:01:02]} 18. Nc4
{[%clk 00:33:14]} {[%emt 00:08:48]} Rad8 {[%clk 00:38:42]} {[%emt 00:02:32]}
19. Na5 {[%clk 00:29:12]} {[%emt 00:04:32]} Ba8 {[%clk 00:31:47]} {[%emt
00:07:25]} 20. Bc1 {[%clk 00:23:40]} {[%emt 00:06:02]} Qh4 {[%clk 00:24:59]}
{[%emt 00:07:18]} 21. Qf1 {[%clk 00:18:47]} {[%emt 00:05:23]} g6 {[%clk
00:20:59]} {[%emt 00:04:30]} 22. Qf2 {[%clk 00:15:45]} {[%emt 00:03:32]} Qf6
{[%clk 00:19:40]} {[%emt 00:01:49]} 23. Bc4 {[%clk 00:14:20]} {[%emt 00:01:55]}
d5 {[%clk 00:14:15]} {[%emt 00:05:56]} 24. exd5 {[%clk 00:11:40]} {[%emt
00:03:10]} Nf4 {[%clk 00:14:16]} {[%emt 00:00:29]} 25. Re4 {[%clk 00:08:06]}
{[%emt 00:04:03]} Ne6 {[%clk 00:13:09]} {[%emt 00:01:37]} 26. Qe1 {[%clk
00:06:08]} {[%emt 00:02:28]} Nc7 {[%clk 00:13:23]} {[%emt 00:00:16]} 27. Qe3
{[%clk 00:04:40]} {[%emt 00:01:58]} Re7 {[%clk 00:13:11]} {[%emt 00:00:42]} 28.
Qg5 {[%clk 00:03:36]} {[%emt 00:01:34]} Kg7 {[%clk 00:10:44]} {[%emt 00:02:58]}
29. Qxf6+ {[%clk 00:03:14]} {[%emt 00:00:52]} Kxf6 {[%clk 00:11:12]} {[%emt
00:00:01]} 30. b3 {[%clk 00:01:12]} {[%emt 00:02:32]} Kg7 {[%clk 00:08:03]}
{[%emt 00:03:39]} 31. Bb2+ {[%clk 00:01:10]} {[%emt 00:00:33]} f6 {[%clk
00:08:27]} {[%emt 00:00:06]} 32. Rf4 {[%clk 00:01:02]} {[%emt 00:00:37]} Rf7
{[%clk 00:07:27]} {[%emt 00:01:31]} 33. d6 {[%clk 00:00:56]} {[%emt 00:00:36]}
Rxd6 {[%clk 00:07:53]} {[%emt 00:00:04]} 34. Re1 {[%clk 00:01:19]} {[%emt
00:00:07]} Re7 {[%clk 00:06:45]} {[%emt 00:01:38]} 35. Rxe7+ {[%clk 00:01:10]}
{[%emt 00:00:38]} Bxe7 {[%clk 00:07:14]} 36. Be5 {[%clk 00:00:43]} {[%emt
00:00:58]} Rd1+ {[%clk 00:06:51]} {[%emt 00:00:54]} 37. Kf2 {[%clk 00:01:05]}
{[%emt 00:00:08]} Nd5 {[%clk 00:06:59]} {[%emt 00:00:22]} 38. Bxd5 {[%clk
00:00:55]} {[%emt 00:00:39]} Bxd5 {[%clk 00:07:01]} {[%emt 00:00:28]} 39. Bc7
{[%clk 00:00:40]} {[%emt 00:00:45]} Rd2+ {[%clk 00:04:29]} {[%emt 00:03:03]}
40. Ke3 {[%clk 00:00:41]} {[%emt 00:00:28]} Rxc2 {[%clk 00:04:31]} {[%emt
00:00:27]} 41. Rg4 {[%clk 00:21:28]} {[%emt 00:09:42]} h5 {[%clk 00:34:44]}
{[%emt 00:00:18]} 42. Rg3 {[%clk 00:21:44]} {[%emt 00:00:14]} Rc3+ {[%clk
00:34:43]} {[%emt 00:00:32]} 43. Kd2 {[%clk 00:21:58]} {[%emt 00:00:15]} Bxb3
{[%clk 00:34:15]} {[%emt 00:00:58]} 44. Nxb3 {[%clk 00:22:13]} {[%emt
00:00:15]} Rxb3 {[%clk 00:34:41]} {[%emt 00:00:04]} 45. f4 {[%clk 00:22:07]}
{[%emt 00:00:35]} Rxg3 {[%clk 00:35:08]} {[%emt 00:00:04]} 46. hxg3 {[%clk
00:22:32]} {[%emt 00:00:05]} c4 {[%clk 00:35:26]} {[%emt 00:00:13]} 47. Kc2
{[%clk 00:22:37]} {[%emt 00:00:24]} b3+ {[%clk 00:35:27]} {[%emt 00:00:30]} 48.
Kb2 {[%clk 00:22:26]} {[%emt 00:00:41]} Bb4 {[%clk 00:35:49]} {[%emt 00:00:07]}
49. Bb6 {[%clk 00:22:45]} {[%emt 00:00:11]} Kf7 {[%clk 00:36:08]} {[%emt
00:00:11]} 50. Bd4 {[%clk 00:22:48]} {[%emt 00:00:27]} Ke6 {[%clk 00:36:15]}
{[%emt 00:00:24]} 51. Kb1 {[%clk 00:22:36]} {[%emt 00:00:42]} c3 {[%clk
00:36:13]} {[%emt 00:00:32]} 52. Be5 0-1